000 00942cam a2200253 a 4500
001 4974082
005 20230530112440.0
008 970825s1997 enka b 001 0 eng d
010 _a 97203572
020 _a0750622725
035 _a(OCoLC)37523280
040 _aUkGUS
_cUkGUS
_dDLC
042 _alccopycat
050 0 0 _aG 155 .A1D684 2002
100 1 _aDoswell, Roger.
245 1 0 _aTourism :
_bhow effective management makes the difference /
_cRoger Doswell.
260 _aOxford ;
_aBoston :
_bButterworth-Heinemann,
_c2002.
300 _ax, 319 p. :
_bill. ;
_c24 cm.
504 _aIncludes bibliographical references (p. [308]-312) and index.
650 0 _aTourism
_xManagement.
856 4 2 _3Publisher description
_uhttp://www.loc.gov/catdir/description/els033/97203572.html
856 4 1 _3Table of contents
_uhttp://www.loc.gov/catdir/toc/els032/97203572.html
942 _2lcc
_cBOOKS
_hG 155 .A1D684 2002
999 _c31572
_d31572